000 00935nam a2200277 i 4500
001 68949
003 ES-MaACL
005 20250728143630.0
007 t|
008 140925s2013 sp ||||1| eng d
020 _a978-84-92937-47-9
080 _a502.51(28):502.17
080 _a574.5(282)
245 0 3 _aRiver conservation
_b: challenges and opportunities /
_cedited by Sergi Sabater, Arturo Elosegi.
260 _aBilbao :
_bFundación BBVA,
_c2013.
300 _a399 p. :
_bil. col. y n., mapas ;
_c24 cm.
504 _aIncluye referencias bibliográficas e índice.
650 4 _aRíos-
_xProtección.
_9155601
650 4 _aEcología fluvial.
_9155602
700 1 _aSabater, Sergi.
_9155603
700 1 _aElosegi, Arturo,
_d1962-
_9155604
852 _aES-MaACL
_jA-13259
_971522
_bR.149978
_cDEPO1
_dOlim: N-6259
942 _2udc
_cMONOGRAFIA
999 _c68949
_d68949